| 000 | 01058nam a22002777a 4500 | ||
|---|---|---|---|
| 999 |
_c29218 _d29189 |
||
| 003 | EG-ScBUE | ||
| 005 | 20210627134948.0 | ||
| 008 | 210627s2017 ua o f b 000 0 ara d | ||
| 017 | _a2017/22442 | ||
| 020 | _a9789779114880 | ||
| 040 |
_aEG-ScBUE _bara _erda _cEG-ScBUE _dEG-ScBUE |
||
| 082 | 0 | 4 |
_a780.917 _bع ن ي _222 |
| 100 | 1 |
_aعنين، هشام، _eمؤلف. |
|
| 245 | 1 | 2 |
_aالميكروفون والموسيقى : _bالتوازنات الصوتية وعلاقتها بالآلات الموسيقية / _cد. هشان عنين. |
| 264 | 1 |
_aالقاهرة : _bالهيئة المصرية العامة للكتاب، _c2017. |
|
| 300 |
_a191 صفحة : _bصور ؛ _c24 سم |
||
| 336 |
_2rdacontent _aنص _btxt |
||
| 337 |
_2rdamedia _aبدون وسيط _bn |
||
| 338 |
_2rdacarrier _aمجلد _bnc |
||
| 504 | _aيشتمل على إرجاعات ببليوجرافية. | ||
| 541 |
_cإهداء ؛ _aد. محمد شومان. |
||
| 650 | 7 |
_aالموسيقى. _2BUEsh |
|
| 653 |
_bGGEN _cJune2021 |
||
| 655 |
_vReading book _934232 |
||
| 942 | _2ddc | ||